| 000 | 00738nam a2200181Ia 4500 | ||
|---|---|---|---|
| 008 | 090630s9999 xx 000 0 und d | ||
| 082 | _b13182 | ||
| 100 | _aडॉ. सौ. श्रोत्रयि पद्रमावती. | ||
| 245 |
_aजनाबाई. _cडॉ. सौ. श्रोत्रयि पद्रमावती. |
||
| 260 |
_bजोशी चंद्रहास -पुणे. _c1994 |
||
| 300 | _a44 | ||
| 600 | _aडॉ. सौ. श्रोत्रयि पद्रमावती. | ||
| 630 | _aजनाबाई. | ||
| 655 | _aबालवाङमय. | ||
| 700 | _aडॉ. सौ. श्रोत्रयि पद्रमावती. | ||
| 730 | _aजनाबाई. | ||
| 942 | _cBOOK | ||
| 999 |
_c265038 _d265038 |
||